Tipi dei Pokémon - Quiz n°9 - Statistics

Statistiche generali
  • Questo quiz è stato fatto 3 volte
  • Il punteggio medio è 11 su 15
Statistiche sulle risposte
Hint Risposta % Corretto
Steelix Acciaio / Terra
100%
Kingler Gigamax Acqua
100%
Mantyke Acqua / Volante
100%
Nuzleaf Erba / Buio
100%
MegaLucario Lotta / Acciaio
100%
Bewear Normale / Lotta
100%
Sinistea Spettro
100%
Staryu Acqua
67%
MegaCharizard Y Fuoco / Volante
67%
Chingling Psico
67%
Tyrunt Roccia / Drago
67%
Mantine Acqua / Volante
33%
Herdier Normale
33%
Gumshoos Normale
33%
Dhelmise Spettro / Erba
33%
Nessun quiz corrispondente trovato
Distribuzione punteggi
Percentuale di utenti per punteggio
Percentile per numero di risposta
I tuoi punteggi nel tempo
Non hai fatto questo quiz